[Event "II - WIDCC Open Tournament"]
[Site "Malente GER"]
[Date "2004.08.02"]
[Round "7.9"]
[White "Picone C. (ITA)"]
[Black "Durdyev Y. (TKM)"]
[Result "0-1"]
[WhiteElo "1805"]
[BlackElo "1805"]
[PlyCount "74"]
[EventDate "2004.??.??"]
[EventType "swiss"]
[EventRounds "9"]
[EventCountry "GER"]

1. Nf3 d5 2. b3 Nf6 3. Bb2 Bg4 4. e3 h6 5. Be2 Nbd7 6. d4 e6 7. O-O Ne4 8. Ne5
Bxe2 9. Qxe2 Nxe5 10. dxe5 c6 11. f3 Nc5 12. Nd2 Na6 13. c4 Qb6 14. Bd4 Bc5 15.
Qf2 Nb4 16. Bxc5 Qxc5 17. e4 Qxf2+ 18. Kxf2 Nd3+ 19. Kg3 g5 20. exd5 exd5 21.
Rfd1 O-O-O 22. cxd5 cxd5 23. Nf1 Nxe5 24. Rac1+ Nc6 25. Ne3 d4 26. Nf5 Kb8 27.
Rd2 Rd5 28. Ne3 Rd7 29. Rcd1 Rhd8 30. Nf5 h5 31. h4 f6 32. f4 g4 33. a3 a5 34.
Kf2 Rd5 35. Ng7 R8d7 36. Ne6 Rf5 37. g3 Re7 {Rest der Notation unleserlich.}
0-1

[Event "II - WIDCC Open Tournament"]
[Site "Malente GER"]
[Date "2004.08.02"]
[Round "7.9"]
[White "Nendza J. (GER)"]
[Black "Johannesen H. (NED)"]
[Result "1/2-1/2"]
[WhiteElo "1805"]
[BlackElo "1805"]
[PlyCount "130"]
[EventDate "2004.??.??"]
[EventType "swiss"]
[EventRounds "9"]
[EventCountry "GER"]

1. Nf3 Nf6 2. b3 g6 3. Bb2 Bg7 4. Bxf6 Bxf6 5. c3 Nc6 6. d4 d5 7. h3 a6 8. e3
O-O 9. Bd3 b5 10. b4 Qd6 11. Nbd2 Bb7 12. Nb3 e5 13. e4 exd4 14. cxd4 dxe4 15.
Bxe4 Rfe8 16. Nc5 Bc8 17. O-O Rb8 18. Bxc6 Qxc6 19. Re1 Rxe1+ 20. Qxe1 Bxh3 21.
Qe4 Bd7 22. Qxc6 Bxc6 23. Nxa6 Rc8 24. Rd1 Bxf3 25. gxf3 Be7 26. Rc1 Bd6 27. a3
Kf8 28. Nc5 Ke7 29. Re1+ Kf8 30. Kg2 h5 31. Kh3 Kg7 32. Ne4 Re8 33. Re2 Ra8 34.
Re3 Bf4 35. Rc3 f5 36. Nc5 Bd6 37. Ne6+ Kf6 38. Nxc7 Bxc7 39. Rxc7 Rxa3 40.
Rc6+ Kg5 41. Kg2 Ra4 42. d5 Rxb4 43. Rc5 h4 44. d6 Rd4 45. Rxb5 Rxd6 46. Rb4
Kh5 47. Kh3 g5 48. f4 g4+ 49. Kh2 Rd2 50. Kg1 h3 51. Rb8 Rd6 52. Rg8 Rd4 53.
Rg5+ Kh6 54. Rxf5 Kg6 55. Rg5+ Kh6 56. Rxg4 Kh5 57. Rg5+ Kh4 58. Rf5 Kg4 59.
Rg5+ Kxf4 60. Rg3 Rd1+ 61. Kh2 Rf1 62. Kxh3 Rxf2 63. Rg8 Ke3 64. Re8+ Kd2 65.
Kg3 Re2 1/2-1/2

[Event "II - WIDCC Open Tournament"]
[Site "Malente GER"]
[Date "2004.08.02"]
[Round "7.9"]
[White "Westerveld G. (NED)"]
[Black "Christie J. (SCO)"]
[Result "1-0"]
[WhiteElo "1805"]
[BlackElo "1805"]
[PlyCount "94"]
[EventDate "2004.??.??"]
[EventType "swiss"]
[EventRounds "9"]
[EventCountry "GER"]

1. e4 e6 2. c3 Nc6 3. d4 d5 4. e5 a6 5. Nf3 Bd7 6. a3 g6 7. Be2 Qe7 8. O-O Bh6
9. Bxh6 Nxh6 10. Nbd2 Nf5 11. Nb3 b6 12. Qd2 h6 13. c4 dxc4 14. Bxc4 g5 15. Bd3
Ng7 16. Be4 g4 17. Ne1 h5 18. Qf4 a5 19. Nc1 Ra7 20. Ne2 Nb8 21. Nd3 Bc6 22.
Bxc6+ Nxc6 23. Rac1 Nb8 24. Nc3 c6 25. Ne4 Nf5 26. Nf6+ Kd8 27. Rfd1 Kc8 28.
Ne1 Rc7 29. Nc2 Qf8 30. Ne3 Ne7 31. Nc4 Rb7 32. Nd6+ Kc7 33. Nfe8+ Kd7 34. Nxb7
Kxe8 35. Nd6+ Kd7 36. Qxf7 Qh6 37. Ne4 Rf8 38. Nf6+ Kd8 39. Qxe6 Qf4 40. Qd6+
Kc8 41. Qxe7 Rh8 42. Qe6+ Kb7 43. Qd6 h4 44. Rxc6 Nxc6 45. Qd7+ Ka6 46. Qxc6 g3
47. Qc4+ Kb7 {Rest der Notation unleserlich.} 1-0

[Event "II - WIDCC Open Tournament"]
[Site "Malente GER"]
[Date "2004.08.03"]
[Round "8.9"]
[White "Ghadimi M.R. (IRN)"]
[Black "Lukàcsovics L. (HUN)"]
[Result "1-0"]
[WhiteElo "1805"]
[BlackElo "2037"]
[PlyCount "27"]
[EventDate "2004.??.??"]
[EventType "swiss"]
[EventRounds "9"]
[EventCountry "GER"]

1. e4 e5 2. Nf3 Nc6 3. Bb5 a6 4. Ba4 Nf6 5. O-O Be7 6. Re1 b5 7. Bb3 O-O 8. c3
Bb7 9. d4 d6 10. Nbd2 Nb8 11. dxe5 dxe5 12. Nxe5 Bd6 13. Nef3 Nbd7 14. e5 1-0

[Event "II - WIDCC Open Tournament"]
[Site "Malente GER"]
[Date "2004.08.03"]
[Round "8.9"]
[White "Burnett R. (SCO)"]
[Black "Petrauskas G. (LTU)"]
[Result "0-1"]
[WhiteElo "1805"]
[BlackElo "1805"]
[PlyCount "74"]
[EventDate "2004.??.??"]
[EventType "swiss"]
[EventRounds "9"]
[EventCountry "GER"]

1. e4 g6 2. Nc3 Bg7 3. Nf3 d6 4. h3 Nf6 5. Bc4 c6 6. a4 O-O 7. O-O Nbd7 8. d4
e5 9. dxe5 dxe5 10. Bg5 Qc7 11. Qe2 Nc5 12. Rfd1 Be6 13. Rd2 Rad8 14. Bxe6 Nxe6
15. Be3 Rxd2 16. Qxd2 Rd8 17. Qe2 Nd4 18. Bxd4 exd4 19. Nd1 c5 20. e5 Re8 21.
Qc4 Nd7 22. Nxd4 Nxe5 23. Qb5 Re7 24. Ne2 a6 25. Qb3 Nc6 26. Ne3 Qe5 27. c3 Bh6
28. Ng4 Qg7 29. Nxh6+ Qxh6 30. Ng3 Qf4 31. Rd1 Kg7 32. Nf1 Re2 33. Qd5 Qxf2+
34. Kh1 Rxb2 35. Nh2 h5 36. Rf1 Rd2 37. Qb3 Qxg2# 0-1

[Event "II - WIDCC Open Tournament"]
[Site "Malente GER"]
[Date "2004.08.03"]
[Round "8.9"]
[White "Pasquotto M. (ITA)"]
[Black "Dunn R. (ENG)"]
[Result "1-0"]
[WhiteElo "1805"]
[BlackElo "1805"]
[PlyCount "67"]
[EventDate "2004.??.??"]
[EventType "swiss"]
[EventRounds "9"]
[EventCountry "GER"]

1. e4 c5 2. Nf3 e6 3. d4 cxd4 4. Nxd4 a6 5. c4 Nf6 6. Bd3 Qc7 7. O-O Be7 8. Nc3
d6 9. Be3 Nbd7 10. Rc1 O-O 11. f4 b6 12. f5 Ne5 13. Be2 Bd7 14. b3 Qb7 15. Bf3
Nxf3+ 16. Qxf3 e5 17. Nde2 Bc6 18. Nd5 Nxd5 19. cxd5 Bb5 20. Rc3 Rfc8 21. Rfc1
Rxc3 22. Rxc3 Bd7 23. g4 f6 24. h4 b5 25. g5 Kh8 26. Qh5 Bf8 27. Qf7 fxg5 28.
Bxg5 Rc8 29. Rg3 Bc6 30. Qh5 Be8 31. Qf3 h6 32. Be3 Qe7 33. Qg4 Bf7 34. f6 1-0

[Event "II - WIDCC Open Tournament"]
[Site "Malente GER"]
[Date "2004.08.03"]
[Round "8.9"]
[White "Rylov V. (RUS)"]
[Black "Filatov B. (RUS)"]
[Result "1-0"]
[WhiteElo "1805"]
[BlackElo "1805"]
[PlyCount "79"]
[EventDate "2004.??.??"]
[EventType "swiss"]
[EventRounds "9"]
[EventCountry "GER"]

1. e4 e5 2. Nf3 Nc6 3. Bb5 a6 4. Ba4 Nf6 5. O-O b5 6. Bb3 Be7 7. Re1 O-O 8. c3
d5 9. exd5 Nxd5 10. Nxe5 Nxe5 11. Rxe5 c6 12. d4 Bd6 13. Re1 Qh4 14. g3 Qh3 15.
Bxd5 cxd5 16. Be3 Bg4 17. Qd3 Bf3 18. Qf1 Qxf1+ 19. Kxf1 Rfe8 20. Nd2 Bg4 21.
a4 Bh3+ 22. Kg1 bxa4 23. Rxa4 f5 24. Nf3 f4 25. Bd2 fxg3 26. fxg3 Rxe1+ 27.
Bxe1 Rb8 28. Rxa6 Rf8 29. Kf2 Rd8 30. Ng5 Bc8 31. Rc6 Be7 32. Nf3 Bd7 33. Rb6
Rf8 34. Kg2 Be6 35. Ne5 Rc8 36. Bd2 Bd8 37. Rb5 Bf5 38. g4 Be4+ 39. Kg3 Bf6 40.
Nd7 1-0

[Event "II - WIDCC Open Tournament"]
[Site "Malente GER"]
[Date "2004.08.03"]
[Round "8.9"]
[White "Kreuzer C. (ENG)"]
[Black "Grudina M. (ITA)"]
[Result "1/2-1/2"]
[WhiteElo "1805"]
[BlackElo "1805"]
[PlyCount "136"]
[EventDate "2004.??.??"]
[EventType "swiss"]
[EventRounds "9"]
[EventCountry "GER"]

1. e4 e5 2. Nf3 Nc6 3. d4 exd4 4. Bc4 Bc5 5. O-O d6 6. c3 d3 7. Qxd3 Nf6 8. Bg5
O-O 9. Nbd2 Qe7 10. Rae1 Ne5 11. Nxe5 dxe5 12. Qf3 Rd8 13. Bxf6 Qxf6 14. Qxf6
gxf6 15. Nb3 Bb6 16. h3 Bd7 17. Kh1 Be6 18. Bxe6 fxe6 19. Re2 Rd7 20. Nd2 c6
21. Nc4 Bc7 22. Ne3 Rad8 23. g3 Rd2 24. Rfe1 Kf7 25. Kg2 Kg6 26. g4 h6 27. Nf1
R2d3 28. Ne3 Kg5 29. Kg3 Bb6 30. h4+ Kg6 31. h5+ Kf7 32. Kf3 Ke7 33. Rc2 a6 34.
b4 Ba7 35. c4 Bd4 36. Rd1 Bxe3 37. Rxd3 Rxd3 38. fxe3 Rd1 39. b5 axb5 40. cxb5
cxb5 41. Rc7+ Rd7 42. Rc5 Kd6 43. Rxb5 Kc6 44. a4 b6 45. Rb4 Kc5 46. Rb5+ Kc6
47. Rb3 Ra7 48. Rc3+ Kb7 49. Rc4 Ra5 50. Ke2 Ra8 51. Kf3 Rc8 52. Rxc8 Kxc8 53.
Ke2 Kb7 54. Kd3 Ka6 55. Kc4 Ka5 56. Kb3 b5 57. axb5 Kxb5 58. Kc3 Kc5 59. Kd3
Kd6 60. Kc4 Kc6 61. Kb4 Kd6 62. Kb5 Kc7 63. Kc5 Kd7 64. Kb5 Kd6 65. Kb6 Kd7 66.
Kc5 Kc7 67. Kb5 Kb7 68. Kc5 Kc7 1/2-1/2

[Event "II - WIDCC Open Tournament"]
[Site "Malente GER"]
[Date "2004.08.03"]
[Round "8.9"]
[White "Oborina E. (RUS)"]
[Black "Michalczuk K. (POL)"]
[Result "1/2-1/2"]
[WhiteElo "1805"]
[BlackElo "1805"]
[PlyCount "79"]
[EventDate "2004.??.??"]
[EventType "swiss"]
[EventRounds "9"]
[EventCountry "GER"]

1. e4 c5 2. Nf3 Nc6 3. d4 cxd4 4. Nxd4 Nf6 5. Nc3 d6 6. Be2 a6 7. a4 g6 8. Be3
Bg7 9. O-O O-O 10. Qd2 Qc7 11. Nxc6 bxc6 12. a5 c5 13. f4 Bb7 14. Bf3 Nd7 15.
g4 Rab8 16. h4 Bc6 17. b3 Qb7 18. f5 Qb4 19. Nd5 Bxd5 20. exd5 Qxd2 21. Bxd2
Bxa1 22. Rxa1 gxf5 23. gxf5 Rbc8 24. Re1 Ne5 25. Be2 Rfe8 26. Kf2 Kh8 27. Rg1
Rg8 28. Rg5 f6 29. Rxg8+ Kxg8 30. h5 Nf7 31. h6 Ng5 32. Bd3 Nf7 33. Kg3 Ne5 34.
Be2 Nd7 35. Kf4 Rc7 36. Kf3 Nb8 37. Kf2 Rc8 38. Kg3 Rc7 39. Kf2 Kh8 40. Kg2
1/2-1/2

[Event "II - WIDCC Open Tournament"]
[Site "Malente GER"]
[Date "2004.08.03"]
[Round "8.9"]
[White "Golemovic T. (CRO)"]
[Black "Pietrucha R. (POL)"]
[Result "1-0"]
[WhiteElo "1805"]
[BlackElo "2103"]
[PlyCount "87"]
[EventDate "2004.??.??"]
[EventType "swiss"]
[EventRounds "9"]
[EventCountry "GER"]

1. d4 d5 2. c4 c6 3. cxd5 cxd5 4. Nc3 Nc6 5. Nf3 Nf6 6. e3 e6 7. Bb5 Bd6 8. Bd2
O-O 9. O-O a6 10. Bxc6 bxc6 11. Na4 Ne4 12. b4 Rb8 13. Nc5 Bxc5 14. bxc5 Qc7
15. Qe1 Nxd2 16. Qxd2 f6 17. Qc3 g5 18. h3 h5 19. Rab1 Rxb1 20. Rxb1 g4 21.
hxg4 hxg4 22. Nd2 g3 23. Nf3 Kf7 24. fxg3 Qxg3 25. Qe1 Qg6 26. Rb2 Rg8 27. Rf2
Ke7 28. Rb2 Qe4 29. Qe2 e5 30. Kf2 Qg4 31. Ke1 e4 32. Ng1 Qh4+ 33. Qf2 Rg3 34.
Kf1 Qg4 35. Ne2 Rf3 36. gxf3 exf3 37. Ng1 a5 38. Qxf3 Ba6+ 39. Kf2 Qh4+ 40. Qg3
Qe4 41. Qg7+ Ke6 42. Qg8+ Ke7 43. Nh3 Qd3 44. Qg7+ 1-0

[Event "II - WIDCC Open Tournament"]
[Site "Malente GER"]
[Date "2004.08.03"]
[Round "8.9"]
[White "Michalowski R. (GER)"]
[Black "Svec D. (CRO)"]
[Result "1/2-1/2"]
[WhiteElo "1921"]
[BlackElo "1805"]
[PlyCount "40"]
[EventDate "2004.??.??"]
[EventType "swiss"]
[EventRounds "9"]
[EventCountry "GER"]

1. c4 Nf6 2. Nc3 d5 3. cxd5 Nxd5 4. e4 Nxc3 5. bxc3 g6 6. Bc4 Bg7 7. Ne2 c5 8.
d4 cxd4 9. cxd4 Nc6 10. Be3 b5 11. Bd5 Bd7 12. Rc1 Rc8 13. O-O Na5 14. Qd2 e6
15. Bb3 Nxb3 16. axb3 O-O 17. Rxc8 Bxc8 18. Rc1 Bb7 19. f3 a5 20. Rc5 Ba6
1/2-1/2

[Event "II - WIDCC Open Tournament"]
[Site "Malente GER"]
[Date "2004.08.03"]
[Round "8.9"]
[White "Dearie J. (SCO)"]
[Black "Christie J. (SCO)"]
[Result "0-1"]
[WhiteElo "1805"]
[BlackElo "1805"]
[PlyCount "92"]
[EventDate "2004.??.??"]
[EventType "swiss"]
[EventRounds "9"]
[EventCountry "GER"]

1. d3 e6 2. Nc3 d6 3. Be3 e5 4. d4 Nc6 5. Nf3 Bg4 6. h3 Bxf3 7. exf3 Be7 8. Bb5
exd4 9. Bxd4 Nf6 10. Bxf6 Bxf6 11. Qe2+ Be7 12. Nd5 O-O 13. Qxe7 Nxe7 14. Nf4
c6 15. Bd3 Qb6 16. O-O Qxb2 17. Rab1 Qd4 18. Ne2 Qf6 19. Rxb7 Ng6 20. Rb3 Nf4
21. Nxf4 Qxf4 22. Rbb1 a5 23. Rbe1 Qb4 24. Rb1 Qc5 25. Be4 g6 26. g3 d5 27. Bd3
Rab8 28. Rbc1 Rb2 29. a4 Ra2 30. c4 Rxa4 31. cxd5 Qxd5 32. Be4 Rxe4 33. fxe4
Qxe4 34. Rfe1 Qf5 35. Kg2 Qc8 36. Re5 Qa6 37. Rec5 Rc8 38. Ra1 Ra8 39. Rac1 Qb7
40. Kg1 Rd8 41. Rxa5 Rd2 42. Ra3 Qb2 43. Rac3 Rxf2 44. Rxc6 Rg2+ 45. Kh1 Rh2+
46. Kg1 Qg2# 0-1

[Event "II - WIDCC Open Tournament"]
[Site "Malente GER"]
[Date "2004.08.03"]
[Round "8.9"]
[White "Durdyev Y. (TKM)"]
[Black "Rossinskaja L. (RUS)"]
[Result "0-1"]
[WhiteElo "1805"]
[BlackElo "1864"]
[PlyCount "80"]
[EventDate "2004.??.??"]
[EventType "swiss"]
[EventRounds "9"]
[EventCountry "GER"]

1. e4 c5 2. Nc3 Nc6 3. Bb5 d6 4. Bxc6+ bxc6 5. d3 Nf6 6. Nf3 g6 7. O-O Bg7 8.
e5 Nd5 9. Nxd5 cxd5 10. Qe2 Bg4 11. exd6 Qxd6 12. h3 Bxf3 13. Qxf3 O-O 14. c3
e5 15. Re1 Rad8 16. Bd2 f5 17. g4 fxg4 18. Qxg4 Rf5 19. Qg3 Qf6 20. Re2 Rf8 21.
Rf1 Rf3 22. Qg5 Rxd3 23. Qxf6 Bxf6 24. Kg2 e4 25. f3 exf3+ 26. Rxf3 Rxf3 27.
Kxf3 Bxc3+ 28. Kg2 Bxd2 29. Rxd2 Rf5 30. Kg3 Kf7 31. b3 Ke6 32. h4 d4 33. b4
Kd5 34. bxc5 Kxc5 35. Rc2+ Kd6 36. Kg4 d3 37. Rd2 Rd5 38. Kf3 Kc5 39. Ke4 Kc4
40. Rd1 d2 0-1

[Event "II - WIDCC Open Tournament"]
[Site "Malente GER"]
[Date "2004.08.03"]
[Round "8.9"]
[White "Hartmann A. (GER)"]
[Black "Nendza J. (GER)"]
[Result "1-0"]
[WhiteElo "1805"]
[BlackElo "1805"]
[PlyCount "83"]
[EventDate "2004.??.??"]
[EventType "swiss"]
[EventRounds "9"]
[EventCountry "GER"]

1. Nf3 Nf6 2. d4 d5 3. e3 e6 4. Bd3 Bd6 5. Nbd2 Nbd7 6. e4 e5 7. dxe5 Bxe5 8.
exd5 Nxd5 9. O-O O-O 10. Nxe5 N5f6 11. Nxd7 Qxd7 12. Ne4 Qc6 13. Nxf6+ Qxf6 14.
Qh5 g6 15. Qg5 Qg7 16. Re1 Bf5 17. Bxf5 gxf5 18. Qxg7+ Kxg7 19. Bf4 c6 20. Re7
b6 21. Rd1 Rfe8 22. Rxe8 Rxe8 23. g3 Re2 24. Rd2 Re6 25. Kg2 a6 26. Kf3 h5 27.
Rd6 Rg6 28. Rxg6+ fxg6 29. c4 Kf6 30. h4 Ke6 31. a4 Kd7 32. b4 Ke6 33. Ke3 Kd7
34. Kd4 b5 35. cxb5 cxb5 36. axb5 axb5 37. Kc5 Kc8 38. Kxb5 Kb7 39. Be5 Ka7 40.
Kc6 Ka6 41. b5+ Ka7 42. b6+ 1-0

[Event "II - WIDCC Open Tournament"]
[Site "Malente GER"]
[Date "2004.08.03"]
[Round "8.9"]
[White "Johannesen H. (NED)"]
[Black "Capitanio G. (ITA)"]
[Result "0-1"]
[WhiteElo "1805"]
[BlackElo "1805"]
[PlyCount "80"]
[EventDate "2004.??.??"]
[EventType "swiss"]
[EventRounds "9"]
[EventCountry "GER"]

1. d4 Nf6 2. Nc3 d5 3. g3 e6 4. a3 c5 5. e3 Bd7 6. Bd2 Qb6 7. Nf3 c4 8. Rb1 Nc6
9. Bg2 Na5 10. O-O Bd6 11. Qe1 Bc7 12. Ne5 Bb5 13. Nxb5 Qxb5 14. Bb4 b6 15.
Bxa5 bxa5 16. Qc3 a4 17. Qd2 Ba5 18. c3 Bc7 19. Nf3 Bd6 20. Ne1 O-O 21. Nc2 a5
22. f4 Qd7 23. Qf2 Rfb8 24. Qf3 Rb3 25. Na1 Rb6 26. Qe2 Rab8 27. Rf2 Bxa3 28.
g4 Rxb2 29. Rxb2 Rxb2 30. Qd1 Qb5 31. Rf1 Bd6 32. g5 Ne4 33. Bxe4 dxe4 34. h4
Qf5 35. Nc2 a3 36. Rf2 a2 37. Qe2 a1=Q+ 38. Rf1 Qa3 39. Ra1 Rxc2 40. Qd1 Qxc3
0-1

[Event "II - WIDCC Open Tournament"]
[Site "Malente GER"]
[Date "2004.08.03"]
[Round "8.9"]
[White "Chilton M. (NED)"]
[Black "Kaminski L. (POL)"]
[Result "0-1"]
[WhiteElo "1805"]
[BlackElo "1907"]
[PlyCount "102"]
[EventDate "2004.??.??"]
[EventType "swiss"]
[EventRounds "9"]
[EventCountry "GER"]

1. e4 d6 2. d4 Nf6 3. Nc3 g6 4. h3 Bg7 5. Be3 c6 6. Nf3 b5 7. Qd2 b4 8. Ne2
Nxe4 9. Qxb4 a5 10. Qb3 O-O 11. Nc3 Nxc3 12. Qxc3 Qb6 13. b3 Nd7 14. Qd2 c5 15.
Rd1 Bb7 16. Be2 a4 17. O-O axb3 18. axb3 Ra2 19. Ra1 Rfa8 20. Rxa2 Rxa2 21. Rb1
Bxf3 22. Bxf3 cxd4 23. Bg5 e5 24. Qd3 Qc7 25. Rc1 Qc5 26. Bd2 d5 27. b4 Qc4 28.
Qxc4 dxc4 29. Be1 Nb6 30. b5 c3 31. Bd1 Rb2 32. Be2 Bh6 33. Ra1 Rxc2 34. Bd3
Rb2 35. Ra6 Rxb5 36. Ra1 Rb2 37. Rb1 Rxb1 38. Bxb1 Nc4 39. Kf1 Na3 40. Bd3 c2
41. Bxc2 Nxc2 42. Ba5 f5 43. Ke2 Kf7 44. Kd3 Na3 45. Bb4 Bf8 46. Bxf8 Kxf8 47.
f4 e4+ 48. Kxd4 Ke7 49. g4 Ke6 50. g5 Nc2+ 51. Kc3 Ne3 0-1

[Event "II - WIDCC Open Tournament"]
[Site "Malente GER"]
[Date "2004.08.03"]
[Round "8.9"]
[White "Chilton E. (NED)"]
[Black "Picone C. (ITA)"]
[Result "0-1"]
[WhiteElo "1805"]
[BlackElo "1805"]
[PlyCount "102"]
[EventDate "2004.??.??"]
[EventType "swiss"]
[EventRounds "9"]
[EventCountry "GER"]

1. e4 c6 2. Nf3 d5 3. exd5 cxd5 4. d4 Nc6 5. Nc3 Bg4 6. Be2 g6 7. h3 Bxf3 8.
Bxf3 e6 9. O-O Bg7 10. Be3 Qb6 11. Na4 Qb4 12. c3 Qd6 13. Nc5 b6 14. Nd3 Nge7
15. a3 e5 16. Be2 e4 17. Ne1 O-O 18. f3 Nf5 19. Nc2 Ng3 20. Rf2 f5 21. f4 Na5
22. Nb4 Nxe2+ 23. Rxe2 Nc4 24. g3 a5 25. Na2 Rf7 26. Qc1 g5 27. b3 Nxa3 28. Qb2
h5 29. Nc1 Nb5 30. b4 a4 31. Rf2 Rc7 32. Ne2 g4 33. h4 Rc4 34. Qc2 Qxb4 35.
cxb4 Rxc2 36. Rc1 Rxc1+ 37. Nxc1 Bxd4 38. Bxd4 Nxd4 39. Na2 e3 40. Rb2 a3 41.
Rb1 Nf3+ 42. Kf1 d4 43. Ke2 Kf7 44. Rc1 Re8 45. Rd1 Ke6 46. Rd3 Rc8 47. Rxa3
Rc2+ 48. Kd1 Rd2+ 49. Kc1 e2 50. Kb1 e1=Q+ 51. Nc1 Rd1 0-1

[Event "II - WIDCC Open Tournament"]
[Site "Malente GER"]
[Date "2004.08.03"]
[Round "8.9"]
[White "Hreinsson A. (ICE)"]
[Black "Westerveld G. (NED)"]
[Result "1-0"]
[WhiteElo "1805"]
[BlackElo "1805"]
[PlyCount "78"]
[EventDate "2004.??.??"]
[EventType "swiss"]
[EventRounds "9"]
[EventCountry "GER"]

1. e4 e6 2. d4 d6 3. c4 c6 4. Nc3 Be7 5. Bd3 Nd7 6. Nge2 a6 7. O-O Ngf6 8. b3
O-O 9. Nf4 e5 10. Nh5 Nxh5 11. Qxh5 Nf6 12. Qe2 b5 13. dxe5 dxe5 14. cxb5 axb5
15. f4 Qd4+ 16. Be3 Qxc3 17. Rac1 Qb4 18. Bd2 Bc5+ 19. Kh1 Qa3 20. fxe5 Ng4 21.
h3 Nxe5 22. Bb1 Bd4 23. Qe1 c5 24. Bc3 Ba6 25. Bxd4 cxd4 26. Qg3 Rae8 27. Rc7
Qd6 28. Rfc1 Qf6 29. Bd3 Nxd3 30. Qxd3 Re6 31. Ra7 b4 32. Qd2 Rxe4 33. Qxb4 Bf1
34. Rc2 Bxg2+ 35. Rxg2 Qf1+ 36. Kh2 Qf4+ 37. Kg1 d3 38. Qc3 Qe3+ 39. Kh2 Qxa7
1-0

[Event "II - WIDCC Open Tournament"]
[Site "Malente GER"]
[Date "2004.08.04"]
[Round "9.9"]
[White "Pasquotto M. (ITA)"]
[Black "Ghadimi M.R. (IRN)"]
[Result "1-0"]
[WhiteElo "1805"]
[BlackElo "1805"]
[PlyCount "103"]
[EventDate "2004.??.??"]
[EventType "swiss"]
[EventRounds "9"]
[EventCountry "GER"]

1. e4 c5 2. Nf3 e6 3. d4 cxd4 4. Nxd4 a6 5. c4 Nf6 6. Bd3 d6 7. Nc3 Nbd7 8. O-O
Be7 9. Be3 Qc7 10. Rc1 b6 11. f4 Bb7 12. f5 e5 13. Nde2 Ng4 14. Qd2 Nxe3 15.
Qxe3 d5 16. Nxd5 Bxd5 17. cxd5 Bc5 18. Kh1 Qd6 19. Qg5 Qf6 20. Qh5 O-O 21. g4
h6 22. a3 Rfc8 23. Rf3 Bd4 24. Rxc8+ Rxc8 25. Bxa6 Rc2 26. b4 Ra2 27. h4 g5 28.
hxg5 Qxg5 29. Qxg5+ hxg5 30. Bb5 Nf6 31. Nxd4 exd4 32. d6 Kf8 33. e5 Nxg4 34.
e6 Ra1+ 35. Kg2 Ra2+ 36. Kg3 Nf6 37. e7+ Kg7 38. e8=Q Nh5+ 39. Kh3 g4+ 40. Kxg4
Nf6+ 41. Kh3 Nxe8 42. Bxe8 Kf6 43. d7 Ke7 44. f6+ Kd8 45. Bxf7 Rc2 46. Be6 Rc3
47. Rxc3 dxc3 48. Bb3 Kxd7 49. Kg4 b5 50. Kg5 Ke8 51. Kg6 Kf8 52. f7 1-0

[Event "II - WIDCC Open Tournament"]
[Site "Malente GER"]
[Date "2004.08.04"]
[Round "9.9"]
[White "Petrauskas G. (LTU)"]
[Black "Kreuzer C. (ENG)"]
[Result "1/2-1/2"]
[WhiteElo "1805"]
[BlackElo "1805"]
[PlyCount "130"]
[EventDate "2004.??.??"]
[EventType "swiss"]
[EventRounds "9"]
[EventCountry "GER"]

1. d4 Nf6 2. Nf3 b6 3. g3 Bb7 4. Bg2 e6 5. O-O Be7 6. b3 a5 7. a4 d5 8. Nbd2
Nbd7 9. Bb2 Rc8 10. Rc1 c5 11. c4 O-O 12. e3 Bd6 13. Qe2 Re8 14. Rfe1 e5 15.
dxe5 Nxe5 16. Nxe5 Bxe5 17. Bxe5 Rxe5 18. cxd5 Bxd5 19. Rcd1 Qc7 20. Nc4 Bxc4
21. Qxc4 Rd8 22. Rd3 Re7 23. Red1 Red7 24. Kf1 Ne8 25. Bh3 Rxd3 26. Rxd3 Rxd3
27. Qxd3 Qd6 28. Ke2 g6 29. Qxd6 Nxd6 30. Kd3 Kf8 31. e4 f5 32. f3 Ke7 33. e5
Ne8 34. Kc4 Nc7 35. g4 Ke6 36. gxf5+ gxf5 37. f4 Ne8 38. Bg2 Ng7 39. Bd5+ Ke7
40. Bg8 h6 41. Bh7 Ke6 42. Bg6 Ke7 43. Kb5 Ne6 44. Kxb6 Nd4 45. Kxc5 Nxb3+ 46.
Kc4 Nd2+ 47. Kd5 Ne4 48. Bxf5 Nc3+ 49. Kc4 Nxa4 50. Kb5 Nc3+ 51. Kxa5 Ne2 52.
Kb6 Nxf4 53. Kc5 Nh5 54. Kd4 Ng7 55. Ke4 Kf7 56. Kf4 Ke7 57. h4 Kf7 58. Kg4 Ke7
59. Kf4 Kf7 60. Bg4 Ke7 61. Ke4 Kf7 62. Kd4 Ke7 63. Kd5 Ne8 64. Kc6 Ng7 65. Kd5
Ne8 1/2-1/2

[Event "II - WIDCC Open Tournament"]
[Site "Malente GER"]
[Date "2004.08.04"]
[Round "9.9"]
[White "Grudina M. (ITA)"]
[Black "Rylov V. (RUS)"]
[Result "1-0"]
[WhiteElo "1805"]
[BlackElo "1805"]
[PlyCount "168"]
[EventDate "2004.??.??"]
[EventType "swiss"]
[EventRounds "9"]
[EventCountry "GER"]

1. e4 g6 2. d4 Bg7 3. Nf3 d6 4. Nc3 Nf6 5. Be2 O-O 6. O-O Nbd7 7. h3 e5 8. dxe5
Nxe5 9. Nxe5 dxe5 10. Bg5 c6 11. Qxd8 Rxd8 12. Rad1 Be6 13. Rxd8+ Rxd8 14. Rd1
Rxd1+ 15. Bxd1 Nd7 16. Be3 b6 17. Be2 Bf8 18. a3 Bd6 19. Bd3 f6 20. f3 Kf7 21.
Kf2 Bb8 22. Ba6 Nf8 23. Bb7 Bd7 24. Na2 Ne6 25. Nb4 Nd8 26. Ba6 Bd6 27. Bc4+
Be6 28. Bxe6+ Kxe6 29. Na2 Kd7 30. Nc3 Ne6 31. Ke2 Bc5 32. Bxc5 bxc5 33. Nd1 h5
34. Ne3 Kc7 35. Nc4 Nd4+ 36. Kd2 Kd7 37. c3 Ne6 38. Ne3 Nf4 39. Kc2 Kc7 40. Kb3
Nd3 41. Kc2 Nf4 42. Kb3 Nd3 43. Kc2 Nf4 44. Kb3 Kd6 45. Nc4+ Kd7 46. Ne3 Nd3
47. Kc2 c4 48. b3 Ne1+ 49. Kb2 cxb3 50. Kxb3 Nd3 51. Kc4 Nf4 52. a4 Kd6 53. Kb4
Nd3+ 54. Kc4 Nc5 55. Kb4 Nd3+ 56. Kc4 Nc5 57. Kb4 Nd3+ 58. Kc4 Nb2+ 59. Kb4
Nd3+ 60. Kc4 Nc5 61. Kb4 Nd3+ 62. Kc4 Nf4 63. Kb4 h4 64. Kc4 a5 65. Kb3 Kc5 66.
Kc2 f5 67. exf5 gxf5 68. Kd2 e4 69. fxe4 fxe4 70. Kc2 Nd5 71. Nf5 e3 72. Nxh4
e2 73. Nf3 Ne3+ 74. Kd2 Nxg2 75. h4 e1=Q+ 76. Nxe1 Nxh4 77. Nd3+ Kc4 78. Ne5+
Kd5 79. Nd3 Ng2 80. Nb2 c5 81. Ke2 Nf4+ 82. Ke3 Ne6 83. Kd3 c4+ 84. Ke3 Nc5 1-0

[Event "II - WIDCC Open Tournament"]
[Site "Malente GER"]
[Date "2004.08.04"]
[Round "9.9"]
[White "Dunn R. (ENG)"]
[Black "Oborina E. (RUS)"]
[Result "1-0"]
[WhiteElo "1805"]
[BlackElo "1805"]
[PlyCount "62"]
[EventDate "2004.??.??"]
[EventType "swiss"]
[EventRounds "9"]
[EventCountry "GER"]

1. c4 c5 2. Nf3 Nf6 3. g3 d5 4. cxd5 Nxd5 5. Bg2 e6 6. O-O Be7 7. Qb3 O-O 8.
Nc3 Nb6 9. d3 a6 10. Bd2 Nc6 11. Rac1 Nd4 12. Qd1 f5 13. Be3 Bf6 14. Nd2 Rb8
15. Nc4 Nd5 16. Nxd5 exd5 17. Bf4 dxc4 18. Bxb8 Be6 19. Bf4 b5 20. e3 g5 21.
exd4 gxf4 22. dxc5 Bxb2 23. Rc2 Bd4 24. dxc4 fxg3 25. hxg3 Bxc5 26. cxb5 Qb6
27. Bd5 Rc8 28. Re2 Re8 29. Bxe6+ Rxe6 30. Qb3 Kf7 31. Rfe1 axb5 1-0

[Event "II - WIDCC Open Tournament"]
[Site "Malente GER"]
[Date "2004.08.04"]
[Round "9.9"]
[White "Lukàcsovics L. (HUN)"]
[Black "Hartmann A. (GER)"]
[Result "1-0"]
[WhiteElo "2037"]
[BlackElo "1805"]
[PlyCount "99"]
[EventDate "2004.??.??"]
[EventType "swiss"]
[EventRounds "9"]
[EventCountry "GER"]

1. d4 Nf6 2. Nf3 e6 3. c4 b6 4. Nc3 d5 5. Bg5 Be7 6. e3 Bb7 7. cxd5 Nxd5 8.
Bxe7 Qxe7 9. Bd3 Nxc3 10. bxc3 O-O 11. O-O Nd7 12. Re1 c5 13. Qe2 Rfc8 14. Ba6
Bxa6 15. Qxa6 Rc7 16. a4 Rac8 17. a5 bxa5 18. Reb1 Nf6 19. h3 Ne4 20. Qxa5 h6
21. Qa3 Qd8 22. Rb5 Nd6 23. Rb3 h5 24. Rab1 cxd4 25. cxd4 g5 26. Ne5 Ne4 27.
Rb7 f6 28. Nf3 g4 29. hxg4 hxg4 30. Nh4 g3 31. fxg3 Nxg3 32. Kh2 Ne4 33. R1b2
a5 34. R2b6 Rc6 35. Rxc6 Rxc6 36. Ng6 Rc7 37. Rxc7 Qxc7+ 38. Nf4 Kf7 39. Qb3
Ng5 40. d5 exd5 41. Qxd5+ Kf8 42. Kg3 Ke7 43. Kh4 Qc3 44. Kh5 Qb4 45. Ng6+ Ke8
46. Qc6+ Kf7 47. Qd7+ Kg8 48. Ne7+ Kf8 49. Nd5 Qc5 50. Qd8+ 1-0